Das Kaelbchen (Record no. 6146)

MARC details
000 -CABECERA
campo de control de longitud fija 00550nam a2200217 a 4500
001 - NÚMERO DE CONTROL
campo de control BRCA_6462
005 - FECHA Y HORA DE LA ÚLTIMA TRANSACCIÓN
campo de control 20190320205450.0
008 - DATOS DE LONGITUD FIJA--INFORMACIÓN GENERAL
campo de control de longitud fija 100311s1916----gw-#######---o000-0#ger-#
041 ## - CÓDIGO DE LENGUA
Código de lengua del texto/banda sonora o título independiente ger
044 ## - CÓDIGO DEL PAÍS DE LA ENTIDAD EDITORA/PRODUCTORA
Código MARC del país gw
050 #4 - SIGNATURA TOPOGRÁFICA DE LA BIBLIOTECA DEL CONGRESO
Número de clasificación PT6242
Número de documento/Ítem .H58
-- 1916
100 1# - ENTRADA PRINCIPAL--NOMBRE DE PERSONA
Nombre de persona Thoma, Ludwig
Fechas asociadas al nombre 1867-1921
9 (RLIN) 6159
245 10 - MENCIÓN DE TÍTULO
Título Das Kaelbchen
Mención de responsabilidad, etc. Ludwig Thoma
260 ## - PUBLICACIÓN, DISTRIBUCIÓN, ETC.
Lugar de publicación, distribución, etc. Múnich
Nombre del editor, distribuidor, etc. A. Langen
Fecha de publicación, distribución, etc. 1916
300 ## - DESCRIPCIÓN FÍSICA
Extensión 207 p.
Dimensiones 18 cm.
500 ## - NOTA GENERAL
Nota general Con firma de Franz Mayer Edición
500 ## - NOTA GENERAL
Nota general I136
600 14 - PUNTO DE ACCESO ADICIONAL DE MATERIA--NOMBRE DE PERSONA
Nombre de persona Literatura Alemana
9 (RLIN) 16140
902 ## - CATALOGADOR
Iniciales GFM
942 ## - ELEMENTOS DE PUNTO DE ACCESO ADICIONAL (KOHA)
Fuente del sistema de clasificación o colocación Library of Congress Classification
Tipo de ítem Koha Libros
Holdings
Estado de retiro Estado de pérdida Estado dañado No para préstamo Localización permanente Ubicación/localización actual Fecha de adquisición Número de inventario Total de préstamos Signatura topográfica completa Código de barras Fecha visto por última vez Precio válido a partir de Tipo de ítem Koha
El ejemplar forma parte de la colección y puede ser consultado según las políticas vigentes.       Biblioteca del Museo Franz Mayer (Rogerio Casas-Alatriste) Biblioteca del Museo Franz Mayer (Rogerio Casas-Alatriste) 24/09/2011 I136   PT6242 .H58 1916 (I136) 6909 22/03/2019 22/03/2019 Libros